| 000 | 00378nam a2200133Ia 4500 | ||
|---|---|---|---|
| 008 | 230222s9999||||xx |||||||||||||| ||und|| | ||
| 020 | _a978-0-7020-6740-2 | ||
| 040 | _cChuka University Library | ||
| 050 |
_aSBL RT 98 _bB373 2016 V |
||
| 100 |
_aWILLIAM M DRAKE _97820 |
||
| 245 | 0 | _aHUTCHISON'S CLINICAL METHODS | |
| 260 |
_aELSEVIER _bEDINBURGH, LONDON _c2016 |
||
| 942 |
_cBK _02 |
||
| 999 |
_c12930 _d12930 |
||